Blueprint reading (Record no. 30659)

MARC details
000 -LEADER
fixed length control field 00311nam a2200133Ia 4500
082 ## - DEWEY DECIMAL CLASSIFICATION NUMBER
Classification number 744.5
Item number BEL
100 ## - MAIN ENTRY--AUTHOR NAME
Personal name Bellis, H F
245 #0 - TITLE STATEMENT
Title Blueprint reading
250 ## - EDITION STATEMENT
Edition statement Ed.2
260 ## - PUBLICATION, DISTRIBUTION, ETC. (IMPRINT)
Place of publication New York
Name of publisher McGraw Hill
Year of publication 1978
700 ## - ADDED ENTRY--PERSONAL NAME
Personal name Schmidt, W A
942 ## - ADDED ENTRY ELEMENTS (KOHA)
Koha item type Books
Holdings
Withdrawn status Lost status Damaged status Not for loan Home library Current library Date acquired Cost, normal purchase price Full call number Accession Number Koha item type
        RRII Library RRII Library 16/12/2021 9.75 744.5 BEL 11229 Books